000 00438nam a2200181 a 4500
001 1767414372736
003 YourLibrary
005 20260103103043.0
008 260103s2007##################000#0#eng##
020 _a9780748619184
082 0 4 _a297.40902
_bKAR
100 1 _aKaramustafa, Ahmet T.,
_eauthor.
245 1 0 _aSufism :
260 _c2007.
650 0 _aIslam.
942 _cENGLISH
040 _aYourLibrary
_beng
_cYourLibrary
999 _c607041
_d607041